Statistieken voor Landen die het dichtst bij Sicilië liggen

Klik hier om de quiz te nemen!

Algemene statistieken

  • Deze quiz is 13 keer genomen
  • De gemiddelde score is 19 van 20

Antwoordstatistieken

kmland% Correct
394Albanië
100%
214Algerije
100%
530Bosnië en
Herzegovina
100%
710Bulgarije
100%
463Frankrijk
100%
366Griekenland
100%
504Kroatië
100%
445Libië
100%
527Noord-Macedonië
100%
738Spanje
100%
71Tunesië
100%
81Malta
90%
760Monaco
90%
506Montenegro
90%
634San Marino
90%
642Servië
90%
415Vaticaanstad
90%
581Kosovo
80%
792Slovenië
80%
852Hongarije
60%

Scoreverdeling

Percentiel versus Aantal Correcte Antwoorden

Procent van Mensen met Elke Score

Uw Scoregeschiedenis

U heeft deze quiz nog niet genomen